| 000 | 01026nam a22003257a 4500 | ||
|---|---|---|---|
| 003 | CHAP | ||
| 005 | 20220329134848.0 | ||
| 008 | 971013s1981 r 00010 d | ||
| 010 | _a27091 | ||
| 011 | _a28063 | ||
| 035 | _a32164 | ||
| 040 | _cCHAP | ||
| 082 |
_a332.4 _bL3 |
||
| 100 | 0 | 0 |
_aLagunilla Iñarritu, Alfredo. _964468 |
| 245 | _aHistoria de la banca y moneda en México | ||
| 260 |
_aMéxico : _bJus, _c1981 |
||
| 300 | _a232 p. | ||
| 590 |
_aBATCH-UPD _b10 _c20130110 _lUCH01 _h0148 |
||
| 590 |
_aBATCH-UPD _b10 _c20130110 _lUCH01 _h2119 |
||
| 590 |
_aBATCH-UPD _b10 _c20130409 _lUCH01 _h2148 |
||
| 590 |
_aBATCH-UPD _b10 _c20130410 _lUCH01 _h1429 |
||
| 590 |
_aBATCH-UPD _b10 _c20130914 _lUCH01 _h0529 |
||
| 590 |
_aCONVERSION _b10 _c20130109 _lUCH01 _h1316 |
||
| 650 | 1 | 4 |
_aBanca Central _xMéxico. _99801 |
| 650 | 1 | 4 |
_aCuestión monetaria _xMéxico. _930128 |
| 650 | 1 | 4 |
_aMoneda _xHistoria _xMéxico. _977503 |
| 901 | _aBK | ||
| 942 | _cLIBRO | ||
| 949 |
_a332.4 L3 _bBC _cLIBRO _d33724000749610 _eLIBRO _h56905 _i32164 _mD _si |
||
| 999 |
_c27091 _d27091 |
||